| 000 | 00981cam a22003017a 4500 | ||
|---|---|---|---|
| 003 | CHAP | ||
| 005 | 20220329135403.0 | ||
| 008 | 971013s1972 r 00010 d | ||
| 010 | _a35479 | ||
| 011 | _a36451 | ||
| 035 | _a40570 | ||
| 040 | _cCHAP | ||
| 090 | _aFolleto 2546 (1970) | ||
| 110 |
_aOrganismo Internacional de Energía Atómica _983512 |
||
| 245 | 1 | 3 | _aLa enseñanza de las ciencias nucleares ; informe... 1970 |
| 260 |
_aViena : _bOIEA, _c1972 |
||
| 300 | _a27 p. | ||
| 490 | 0 |
_aColección de informes técnicos _v; 132 |
|
| 590 |
_aBATCH-UPD _b10 _c20130110 _lUCH01 _h2122 |
||
| 590 |
_aBATCH-UPD _b10 _c20130410 _lUCH01 _h1432 |
||
| 590 |
_aBATCH-UPD _b10 _c20130914 _lUCH01 _h1003 |
||
| 590 |
_aCONVERSION _b10 _c20130109 _lUCH01 _h1320 |
||
| 650 | 1 | 4 |
_aFísica nuclear _xEstudio y enseñanza. _942000 |
| 830 | 0 |
_aColección de informes técnicos _v; 132 _924800 |
|
| 901 | _aBK | ||
| 942 | _cFOLL | ||
| 949 |
_aFolleto 2546 (1970) _bBC _cFOLL _d-92745 _eTS1 _i40570 _si |
||
| 999 |
_c35479 _d35479 |
||